| 000 | 00410nam a2200157Ia 4500 | ||
|---|---|---|---|
| 008 | 210210b1998 xxu||||| |||| 00| 0 eng d | ||
| 020 | _a81 211 0156 5 | ||
| 082 | _a589.3 ANAI | ||
| 100 | _aANAND (N). | ||
| 245 | _aIndian freshwater microalgae. | ||
| 260 |
_aDehra Dun _bBishen Singh Mahendra Pal Singh _c1998 |
||
| 300 | _aiii,94 | ||
| 650 | _aFreshwater Microalgae | ||
| 690 | _aAlgae | ||
| 906 | _a060643 | ||
| 999 |
_c107547 _d107547 |
||